书目信息 |
| 题名: |
中美电视艺术比较
|
|
| 作者: | 苗棣 著 | |
| 分册: | ||
| 出版信息: | 北京 文化艺术出版社 2005 |
|
| 页数: | 378页 | |
| 开本: | 21cm | |
| 丛书名: | 电视丛书 | |
| 单 册: | ||
| 中图分类: | J909.2 | |
| 科图分类: | ||
| 主题词: | 电视(艺术)--对比研究--中国--美国 , 电视(艺术) | |
| 电子资源: | ||
| ISBN: | 7-5039-2659-7 | |
| 000 | 00836oam2 2200265 450 | |
| 001 | 002855353 | |
| 005 | 20061101085428.90 | |
| 010 | @a7-5039-2659-7@dCNY21.00 | |
| 100 | @a20050204d2005 em y0chiy0110 ea | |
| 101 | 0 | @achi |
| 102 | @aCN@b110000 | |
| 105 | @ay z 000yy | |
| 200 | 1 | @a中美电视艺术比较@9zhong mei dian shi yi shu bi jiao@f苗棣等著 |
| 210 | @a北京@c文化艺术出版社@d2005 | |
| 215 | @a378页@d21cm | |
| 225 | 2 | @a电视丛书 |
| 300 | @a全国艺术科学规划课题 | |
| 330 | @a本书从体制、节目类型、两种文化背景下的电视内容、电视观众、电视艺术批评和相互影响六个方面对中美电视艺术进行了比较。 | |
| 461 | 0 | @12001 @a电视丛书 |
| 606 | 0 | @a电视(艺术)@x对比研究@y中国@y美国 |
| 606 | 0 | @a电视(艺术) |
| 690 | @aJ909.2@v4 | |
| 701 | 0 | @a苗棣@9miao di@f(1951~)@4著 |
| 801 | 0 | @aCN@bNLC@c20061101 |
| 905 | @a10447@dJ909.2@e151 | |
| 中美电视艺术比较/苗棣等著.-北京:文化艺术出版社,2005 |
| 378页;21cm.-(电视丛书) |
| 全国艺术科学规划课题 |
| ISBN 7-5039-2659-7:CNY21.00 |
| 本书从体制、节目类型、两种文化背景下的电视内容、电视观众、电视艺术批评和相互影响六个方面对中美电视艺术进行了比较。 |
| ● |
| 相关链接 |
|
|
|
|
正题名:中美电视艺术比较
索取号:J909.2/151
 
预约/预借
| 序号 | 登录号 | 条形码 | 馆藏地/架位号 | 状态 | 备注 |
| 1 | 0386703 | 203867039 | 第一样本阅览室/ [索取号:J909.2/151] | 在馆 | |
| 2 | 0386704 | 203867048 | 第一借阅区/ [索取号:J909.2/151] | 在馆 | |
| 3 | 0386705 | 203867057 | 第一借阅区/ [索取号:J909.2/151] | 在馆 | |
| 4 | 0386706 | 203867066 | 第一借阅区/ [索取号:J909.2/151] | 在馆 | |
| 5 | 0386707 | 203867075 | 第一借阅区/ [索取号:J909.2/151] | 在馆 |